Aspirin - Statistics

General Stats
  • This quiz has been taken 3 times
  • The average score is 7 of 13
Answer Stats
Hint Answer % Correct
Side Effect Dizziness
100%
Side Effect Nausea
100%
Dose 4 Tablets 325mg
50%
Dose 1 Tablet 81mg
50%
Contraindication Allergy
50%
Trade Bayer
50%
Indication Chest Pain
50%
Route Chewed Oral
50%
Trade St. Joseph
50%
Form Tablet
50%
Contraindication Ulcers
50%
Side Effect Heartburn
0%
Side Effect Tinnitus
0%
No matching quizzes found
Score Distribution
Percent of People with Each Score
Percentile by Number Answered
Your Score History
You have not taken this quiz